000 00647nam a2200205 i 4500
001 101944
003 ES-MaACL
005 20250707074237.0
007 t|
008 051028s1948 po ||||1| por d
100 1 _aBrandão, Mário.
_931330
245 1 2 _aA Inquisiçao e os professores do Colegio das Artes /
_cMário Brandao.
260 _aCoimbra :
_bUniversidade,
_c1948.
300 _a1 v. ;
_c26 cm.
490 1 _aActa Universitatis Conimbrigensis
710 2 _aUniversidade de Coimbra.
_97461
830 0 0 _aActa Universitatis Conimbrigensis
_9181764
852 _aES-MaACL
_jP-173 bis
_bR.26648
999 _c101944
_d101944